Bilecik Bilecik Bilecik Bilecik Bilecik

A "compassionate" episode in Anglo-Ottoman history : (Record no. 50829)

MARC details
000 -BAŞLIK
Sabit Uzunluktaki Kontrol Alanı 01432nam a22003977a 4500
001 - KONTROL NUMARASI
Control Dosyası 0051001
003 - KONTROL NUMARASI KİMLİĞİ
Kontrol Alanı KOHA_MİRAKIL
005 - EN SON İŞLEM TARİHİ ve ZAMANI
Kontrol Alanı 20260207003748.0
007 - FİZİKSEL TANIM SABİT ALAN - GENEL BİLGİ
Sabit uzunluklu kontrol alanı ta
008 - SABİT UZUNLUKTAKİ VERİ ÖGELERİ - GENEL BİLGİ
Sabit Alan 150629b2013 tu a|||gr||||#0|||0|eng |
020 ## - ISBN - ULUSLARARASI STANDART KİTAP NUMARASI
Isbn 9786054326846
020 ## - ISBN - ULUSLARARASI STANDART KİTAP NUMARASI
Isbn
-- 6054326848
040 ## - KATALOGLAMA KAYNAĞI
Özgün Kataloglama Kurumu TR-BiSEU
Kataloglama Dili tur
Çeviri Kurumu TR-BiSEU
Açıklama Kuralları rda
041 0# - DİL KODU
Metin ya da ses kaydının dil kodu eng
044 ## - YAYINLAYAN/ÜRETEN KURULUŞUN ÜLKE KODU
ISO country code tu
050 ## - SINIFLAMA ve YER NUMARASI
Sınıflama Numarası DR573.8
Yer Numarası .D56 2013
100 1# - KİŞİ ADI
Yazar Adı (Kişi adı) Hatip Dinçyürek, Sena.
245 12 - ESER ADI BİLDİRİMİ
Başlık A "compassionate" episode in Anglo-Ottoman history :
Alt Eseradı vb. British relief to the '93 refugees (1877-78)/
Sorumluluk Bildirimi Sena Hatip Dinçyürek ; Sena Hatip Dinçyürek.
264 #1 - ÜRERİM, YAYIN, DAĞITIM ve TELİF BİLDİRİMİ
Yayın yeri Istanbul :
Yayınlayan Libra Kitapçılık ve Yayıncılık
Yayın tarihi 2013
300 ## - FİZİKSEL TANIMLAMA
Sayfa, Cilt vb. 213 pages :
Diğer fiziki detaylar illustrations ;
Boyutları 22 cm
336 ## - İÇERİK TÜRÜ
Content type term metin
Content type code txt
Source rdacontent
337 ## - MEDYA TÜRÜ
Media type term aracısız
Media type code n
Source rdamedia
338 ## - TAŞIYICI TÜRÜ
Carrier type term cilt
Carrier type code nc
Source rdacarrier
490 1# - DİZİ BİLDİRİMİ
Dizi Bildirimi Libra Kitap ;
Cilt Numarası 85.
490 1# - DİZİ BİLDİRİMİ
Dizi Bildirimi History ;
Cilt Numarası 71
500 ## - GENEL NOT
Genel Not Includes bibliographical references and index.
650 #0 - KONU BAŞLIĞI EK GİRİŞ - KONU TERİMİ
Konusal terim veya coğrafi ad Russo-Turkish War, 1877-1878--Refugees.
9 (RLIN) 94512
650 #0 - KONU BAŞLIĞI EK GİRİŞ - KONU TERİMİ
Konusal terim veya coğrafi ad Refugees--Turkey--History--19th century.
9 (RLIN) 94513
650 #0 - KONU BAŞLIĞI EK GİRİŞ - KONU TERİMİ
Konusal terim veya coğrafi ad Humanitarian assistance, British--Turkey--History--19th century.
9 (RLIN) 94514
650 #0 - KONU BAŞLIĞI EK GİRİŞ - KONU TERİMİ
Konusal terim veya coğrafi ad Great Britain--Foreign relations--Turkey.
9 (RLIN) 20467
650 #0 - KONU BAŞLIĞI EK GİRİŞ - KONU TERİMİ
Konusal terim veya coğrafi ad Turkey--Foreign relations--Great Britain.
9 (RLIN) 20465
830 1# - SERİ EK GİRİŞİ - TEKBİÇİM ESER ADI
Tekbiçim Başlık Libra Kitap ;
Volume number/sequential designation 85.
9 (RLIN) 65795
830 1# - SERİ EK GİRİŞİ - TEKBİÇİM ESER ADI
Tekbiçim Başlık History ;
Volume number/sequential designation 71
9 (RLIN) 65797
907 ## - LOCAL DATA ELEMENT G, LDG (RLIN)
a Tarih
942 ## - EK GİRİŞ ÖGELERİ (KOHA)
Source of classification or shelving scheme Library of Congress Classification
Koha item type Book
Holdings
Materyal Türü Kalıcı Konum Mevcut Konum Raf Yeri Sınıflandırma Kaynağı Edinim Bilgisi Ana Konular Alt Konular Yer Numarası Demirbaş Numarası Fatura Tarihi Maliyet, Alış Fiyatı Maliyet, Yenileme Fiyatı Geri Çekilme Durumu Kayıp Durumu Hasarlı Durumu Kredi için değil Kayıt Tarih Toplam Ödünçverme Son Görülme Tarihi Son Kontrol Tarihi Satın Alma Notu
Book Prof. Dr. Azmi Özcan Kütüphanesi Prof. Dr. Azmi Özcan Kütüphanesi Uluğbey Salonu Library of Congress Classification Satın DÜNYA TARİHİ (AVRUPA, ASYA, AFRİKA VB.) Balkan Yarımadası DR573.8 .D56 2013 0051001 07/07/2015 37.22 37.22         29/06/2015 2 05/12/2024 05/12/2024 B-984687 - B-984797